000 01095nam a2200217Ia 4500
003 Ost
005 20260507075507.0
008 260507s9999||||xx |||||||||||||| ||und||
020 _a995711588x
040 _cfsecg
041 _aara
082 _a350
100 _aالسالم، مؤيد سعيد
_eمؤلف
245 0 _aأساسيات الإدارة الإستراتيجية /
_c مؤيد سعيد السالم
260 _aعمان:
_bدار وائل للنشر,
_c2005
300 _a259 صفحة؛
_bإيضاحات ؛
_c25 سم
504 _aببليوغرافيا:ص.259
520 _aمفهوم الإدارة الاستراتيجية،المديرون الإستراتيجيون،التفكير الإستراتيجي،تحليل البيئة الخارجية،تحليل البيئة الداخلية،تحديد البدائل الإستراتيجية،صياغة الاستراتيجيات الوظيفية،الإختيار الإستراتيجي،تطبيق الاستراتيجية،الرقابة الاستراتيجية
653 _aالإدارة
942 _cكتاب
999 _c44720
_d44720